000 01070nam a22002537a 4500
003 OSt
005 20251219171958.0
008 241112b |||||||| |||| 00| 0 eng d
040 _c0
082 _aDPer 647.94068 In821 August-October 2019 v. 81-83
100 _aYe, Yijiao.
_eauthor.
_964012
245 _aNegative workplace gossip and service outcomes :
_ban explanation from social identity theory /
_cYijiao Ye, Hong Zhu, Xincai Deng, Zhirong Mu.
260 _aAmsterdam ;
_bElsevier,
_cSeptember 2019.
300 _aVolume 66, pages 159-168 :
_billustration ;
_c28 cm.
500 _aInternational Journal of Hospitality Management, vol. 81, pages 159-168, August 2019.
650 0 _aNegative workplace gossip.
_966624
650 0 _aOrganizational identification.
_966625
650 0 _aHostile attribution bias.
_966626
700 _aYe, Yijiao.
_eauthor.
_964012
700 _aZhu, Hong.
_eauthor.
_966762
700 _aDeng, Xincai.
_eauthor.
_966763
700 _aMu, Zhirong.
_eauthor.
_966764
942 _2ddc
_cPER
999 _c23181
_d23181